000 00315nam a22001337a 4500
008 170714b xxu||||| |||| 00| 0 eng d
020 _a639785318347
041 _aeng
080 _23RD
_a038
100 _a26
101 _aFJA
245 _aDICTIONARY OF ARCHITECTURE & CONSTRUCTION
_cHARRIS,C.M
942 _2udc
_cBK
999 _c20971
_d20971